The humble address of the right honourable the Lords Spiritual and Temporal in Parliament assembled, presented to His Majesty, on Munday the twenty third day of January, 1715..

Bibliographic Details
Corporate Author: Great Britain. Parliament. House of Lords
Format: eBook
Language:English
Published: London : Printed by John Baskett, printer to the Kings most excellent Majesty, and by the assigns of Thomas Newcomb, and Henry Hills, deceas'd, 1715. [id est 1716]
Series:Early English books online.
Subjects:
Online Access:Connect to the full text of this electronic book

MARC

Tag First Indicator Second Indicator Subfields
LEADER 00000nam a2200000 4500
001 in00004196378
005 20200806085135.0
006 m g d
007 cr bn |||a|bb|
008 781208s1716 enk o o00 eng d
035 |a (UnM)99893261 
037 |a CL2105000001  |b ProQuest Information and Learning. 300 N. Zeeb Rd., Ann Arbor, MI 48106 
040 |a Uk-ES  |c Uk-ES  |d CStRLIN  |d Cu-RivES  |e dcrb 
043 |a e-uk-en 
090 |a DA499  |b .E53 
110 1 |a Great Britain.  |b Parliament.  |b House of Lords. 
245 1 4 |a The humble address of the right honourable the Lords Spiritual and Temporal in Parliament assembled, presented to His Majesty, on Munday the twenty third day of January, 1715.. 
260 |a London :  |b Printed by John Baskett, printer to the Kings most excellent Majesty, and by the assigns of Thomas Newcomb, and Henry Hills, deceas'd,  |c 1715. [id est 1716] 
300 |a 1 online resource (1 sheet ([2] pages). 
336 |a text  |b txt  |2 rdacontent 
337 |a computer  |b c  |2 rdamedia 
338 |a online resource  |b cr  |2 rdacarrier 
500 |a Dated according to Lady Day dating. 
500 |a Error in binding: pg. 3-4 immediately following, are part of numbers 43. 
500 |a Reproduction of original in the British Library. 
510 4 |a Early English books tract supplement interim guide  |c Lutt.III[41]. 
533 |a Electronic reproduction.  |b Ann Arbor, Mich. :  |c UMI,  |d 1999-  |f (Early English books online)  |n Digital version of: (Early English books; Tract supplement ; C6:1[41])  |7 s1999 miun s 
650 0 |a Jacobite Rebellion, 1715  |v Early works to 1800. 
651 0 |a Great Britain  |x History  |y George I, 1714-1727  |v Early works to 1800. 
830 0 |a Early English books online. 
856 4 0 |u http://proxy.library.tamu.edu/login?url=https://search.proquest.com/docview/2240916503  |z Connect to the full text of this electronic book  |t 0 
999 f f |s e0fcc07d-3960-30ce-b78c-3b484c21f80b  |i 5ea595e0-355f-373b-bcf6-5a720ba821a3  |t 0 
952 f f |a Texas A&M University  |b College Station  |c Electronic Resources  |d Available Online  |t 0  |e DA499 .E53  |h Library of Congress classification 
998 f f |a DA499 .E53  |t 0  |l Available Online